Ο πύργος των Πυρηναίων
Αποθηκεύτηκε σε:
| Κύριος συγγραφέας: | |
|---|---|
| Άλλοι συγγραφείς: | |
| Μορφή: | Βιβλίο |
| Γλώσσα: | Greek Norwegian |
| Δημοσίευση: |
Αθήνα :
Εκδοτικός Οργανισμός Λιβάνη,
c2009.
|
| Σειρά: | Ξένη λογοτεχνία (Εκδοτικός Οργανισμός Λιβάνη)
|
| Θέματα: | |
| Ετικέτες: |
Προσθήκη ετικέτας
Δεν υπάρχουν, Καταχωρήστε ετικέτα πρώτοι!
|
MARC
| LEADER | 00000cam a2200000 a 4500 | ||
|---|---|---|---|
| 001 | 1/107919 | ||
| 008 | 150812s2009####gr | ||| |||| ||gre|| | ||
| 020 | |a 9789601420356 | ||
| 040 | |a GR-MyUa |b gre |c GR-MyUa |e AACR2 | ||
| 041 | 1 | |a gre |h nor | |
| 082 | 7 | |a 839.823 |2 (23) | |
| 100 | 1 | |a Gaarder, Jostein, |d 1952- | |
| 245 | 1 | 2 | |a Ο πύργος των Πυρηναίων / |c Γιοστέιν Γκάαρντερ ; μετάφραση από τα νορβηγικά Κυριακή Παπαδοπούλου-Σάμουελσεν. |
| 260 | |a Αθήνα : |b Εκδοτικός Οργανισμός Λιβάνη, |c c2009. | ||
| 300 | |a 287 σ. ; |c 21 εκ. | ||
| 490 | 1 | |a (Ξένη λογοτεχνία / Εκδοτικός Οργανισμός Λιβάνη) | |
| 500 | |a Τίτλος πρωτοτύπου: Slottet i Pzreneene. | ||
| 650 | 0 | |a Norwegian fiction. | |
| 700 | 1 | |a Παπαδοπούλου-Samuelsen, Κυριακή, |e trlf | |
| 830 | 0 | |a Ξένη λογοτεχνία (Εκδοτικός Οργανισμός Λιβάνη) | |
| 852 | |a INST |b SAMOS |e 20150812 |h 839.823 GAA |p 005300042507 |q 005300042507 |t BK |y 0 | ||
| 852 | |a INST |b SYROS |e 20210412 |h 839.823 GAA |p 005500014286 |q 005500014286 |t BK |y 0 | ||
| 970 | |a Γουβάλα |b Βάσω |z 12-08-2015 | ||